| 000 | 01597nam2a2200289 4500 | ||
|---|---|---|---|
| 001 | RU\NLR\bibl\2008952 | ||
| 005 | 20260408072920.0 | ||
| 010 |
_a978-5-7899-0813-6 _9100 |
||
| 021 |
_aRU _b2013-11000 _9791 |
||
| 035 | _a(NLR Aleph) 001997543 | ||
| 090 |
_a4312574 _c4312574 |
||
| 100 | _a20130307d2012 |||y0rusy50 ca | ||
| 101 | 0 | _arus | |
| 102 | _aRU | ||
| 105 | _ay z|||100yy | ||
| 200 | 0 |
_aВып. 11 _fXVI Региональная конференция молодых исследователей Волгоградской области, г. Волгоград, 8-9 ноября 2011 г. _g[редкол.: Н.В. Павличенко и др.] |
|
| 210 |
_d2012 _aБ. м. |
||
| 215 | _a90 с. | ||
| 320 | _aБиблиогр. в подстроч. примеч. | ||
| 461 | 0 |
_1001RU\NLR\bibl\1967624 _12000#$aПрава человека$e[материалы конференций]$eтезисы докладов$f[редкол.: П.В. Анисимов и др.]$vВып. 11$90 _93766946 _cВолгоград _d2011 _f[редкол.: П.В. Анисимов и др.] _nВолгоградская академия МВД России _o[материалы конференций] : тезисы докладов _tПрава человека _vВып. 11$90 |
|
| 711 | 1 | 2 |
_aРегиональная конференция молодых исследователей Волгоградской области _d16 _f2011 _3RU\NLR\AUTH\8810215714 _9317548 |
| 801 | 0 |
_aRU _bNLR _c20130307 _gRCR |
|
| 801 | 1 |
_aRU _bNLR _c20130307 |
|
| 942 | _cBOOK | ||
| 980 | _aNB | ||